000 02500cam a2200289 4500500
005 20260111120529.0
041 _afre
042 _adc
100 1 0 _aDonoso, Trinidad
_eauthor
700 1 0 _aAmorós, Pere
_eauthor
700 1 0 _aRodrigo, Maria José
_eauthor
700 1 0 _aMáiquez, María Luisa
_eauthor
245 0 0 _aViolence et famille : identification des besoins des femmes victimes de violences
260 _c2008.
500 _a82
520 _aRésuméCet article expose le processus d’élaboration et d’expérimentation d’une proposition d’intervention conçue pour aider les femmes victimes de violence conjugale à réintégrer la vie sociale et professionnelle et à assumer les conséquences psychologiques et physiques engendrées par la violence. Dans la perspective de l’optimisation du développement global de la personne, l’identification de l’ensemble des besoins des femmes victimes de violence s’est appuyée sur des éléments théoriques, sur la consultation des programmes et ressources déjà existants, sur la réalisation de cinq groupes de discussions de femmes victimes de violence et sur l’expertise de ces données par des professionnels et spécialistes dans le domaine de la violence de genre.
520 _aThis article presents the elaboration and initial application of an intervention programme developed to help women who are victims of conjugal violence to reintegrate social and professional life and to come to terms with the psychological and physical consequences of violence. In the perspective of optimizing the individual’s overall development, the identification of the needs – in an overall context, of women subjected to violence is founded on the following: (1) theoretical issues, (2) consultation of the already-existing programmes and resources, (3) the outcomes of five discussion-groups with women who have suffered violence, and (4) professionals’ and specialists’ expertise about these data in the field of this form of violence.
690 _abesoins d'aide
690 _afemmes
690 _aprogramme d'intervention
690 _aviolences conjugales
690 _aconjugal violence
690 _aintervention programs
690 _awomen
786 0 _nRevue internationale de l'éducation familiale | 23 | 1 | 2008-12-01 | p. 127-142 | 1279-7766
856 4 1 _uhttps://shs.cairn.info/revue-la-revue-internationale-de-l-education-familiale-2008-1-page-127?lang=fr&redirect-ssocas=7080
999 _c1634036
_d1634036